000 00369nam a2200145Ia 4500
008 230917s9999||||xx |||||||||||||| ||und||
040 _e155324
_aMAIN
041 _aEnglish
082 _a891.2109 M37M:A
100 _aMulgonkar, V B
245 0 _aAcharya Hem Chandra
260 _aBhopal
_bMadya Pradesh Hindi Granth Akademi
_c1971
300 _a207 p.
942 _cBK
999 _c182093
_d182093